[Event "65.Camp. Veneto Quarti di Finale"]
[Site "Arquà Petrarca ITA"]
[Date "2005.05.14"]
[Round "4.27"]
[White "Alessi, Giovanni"]
[Black "Reginato, Mauro"]
[Result "0-1"]
[WhiteElo "1652"]
[BlackElo "1697"]
[Annotator "Gabriele Ballarin"]
[PlyCount "66"]
[EventDate "2005.05.07"]
[EventType "swiss"]
[EventRounds "6"]
[EventCountry "ITA"]

1. e4 e5 2. Nf3 Nc6 3. Bc4 Bc5 4. O-O Nf6 5. d3 h6 6. a3 O-O 7. Nc3 d6 8. h3 Be6 9. Nd5 a6 10. b4 Ba7 11. Ba2 Nd4 12. c3 Bxd5 13. exd5 Nf5 14. Kh1 e4 15. dxe4 Nxe4 16. Bb2 Bxf2 17. Qc2 Neg3+ 18. Kh2 Nxf1+ 19. Rxf1 Bg3+ 20. Kh1 Ne3 21. Qd3 Nxf1 22. Qxf1 Qf6 23. Qd3 Rfe8 24. Bb1 g6 25. Qd2 Re1+ 26. Ng1 Qf1 27. Qd4 Be5 28. Bd3 Qf6 29. Qg4 Re3 30. Be2 h5 31. Qc4 b5 32. Qxc7 Qf4 33. Nf3 Rxf3 0-1

[Event "65.Camp. Veneto Quarti di Finale"]
[Site "Arquà Petrarca ITA"]
[Date "2005.05.15"]
[Round "5.1"]
[White "Rossato, Armando"]
[Black "Rossi, Carlo"]
[Result "0-1"]
[WhiteElo "2079"]
[BlackElo "2375"]
[Annotator "Gabriele Ballarin"]
[PlyCount "108"]
[EventDate "2005.05.07"]
[EventType "swiss"]
[EventRounds "6"]
[EventCountry "ITA"]

1. d4 f5 2. g3 Nf6 3. Bg2 Nc6 4. c4 e5 5. e3 Bb4+ 6. Nc3 Qe7 7. Nge2 Bxc3+ 8. bxc3 e4 9. Qa4 b6 10. Rb1 Qf7 11. Ba3 Na5 12. Rb5 Nxc4 13. Rxf5 Bb7 14. Nf4 Bc6 15. Qa6 Nxa3 16. Qxa3 d6 17. d5 Bd7 18. Bxe4 Bxf5 19. Bxf5 g5 20. Be6 Qg7 21. Qa4+ Ke7 22. Ne2 Qg6 23. O-O c5 24. Qc6 Rhd8 25. f4 g4 26. e4 Nxe4 27. f5 Qg7 28. Nf4 Nf6 29. Re1 Kf8 30. Re2 Rab8 31. Qb5 Qc7 32. c4 Qg7 33. Kg2 Re8 34. Qb2 Re7 35. a4 a6 36. Qa2 Qh6 37. Qb2 Qg7 38. Qa2 Ke8 39. Qc2 Kd8 40. Qb2 Kc7 41. Qb1 Nd7 42. Rf2 Qc3 43. Bxd7 Re1 44. Qa2 Kxd7 45. f6 Rf8 46. a5 Qc1 47. Ne2 Qb1 48. Qxb1 Rxb1 49. axb6 Rxb6 50. Nc3 Rb4 51. Rf4 Rb2+ 52. Kg1 Rc2 53. Nd1 Rc1 54. Rf1 Rxc4 0-1

[Event "65.Camp. Veneto Quarti di Finale"]
[Site "Arquà Petrarca ITA"]
[Date "2005.05.15"]
[Round "5.2"]
[White "Luciani, Valerio"]
[Black "Giuriati, Paolo"]
[Result "1/2-1/2"]
[WhiteElo "2241"]
[BlackElo "2197"]
[Annotator "Gabriele Ballarin"]
[PlyCount "111"]
[EventDate "2005.05.07"]
[EventType "swiss"]
[EventRounds "6"]
[EventCountry "ITA"]

1. d4 Nf6 2. c4 e6 3. Nc3 d5 4. cxd5 exd5 5. Bg5 Be7 6. e3 c6 7. Qc2 Nbd7 8. Bd3 O-O 9. Nge2 Re8 10. O-O Nf8 11. f3 h6 12. Bh4 Ne6 13. Rad1 b6 14. Bf5 Nh5 15. Bxe7 Qxe7 16. e4 Nef4 17. Nxf4 Nxf4 18. Qd2 Qg5 19. Bxc8 Raxc8 20. g3 Ne6 21. f4 Qh5 22. e5 Qf5 23. Qg2 Nf8 24. g4 Qd7 25. Rd2 Red8 26. f5 Qe8 27. g5 h5 28. g6 fxg6 29. f6 Rc7 30. Rdf2 Rf7 31. Ne2 Kh7 32. fxg7 Rxf2 33. Qxf2 Kxg7 34. Qf6+ Kg8 35. Nf4 Nh7 36. Qxg6+ Qxg6+ 37. Nxg6 c5 38. Rf5 cxd4 39. Ne7+ Kg7 40. Nc6 Re8 41. Nxd4 Kg6 42. h4 Rf8 43. Rf2 Rxf2 44. Kxf2 Nf8 45. Kf3 Nd7 46. Kf4 Nc5 47. e6 Kf6 48. e7 Kxe7 49. Ke5 Nd3+ 50. Kxd5 Nxb2 51. Nc6+ Kf6 52. Nxa7 Na4 53. Nc8 Nc3+ 54. Kc6 Nxa2 55. Kxb6 Kf5 56. Ne7+ 1/2-1/2

[Event "65.Camp. Veneto Quarti di Finale"]
[Site "Arquà Petrarca ITA"]
[Date "2005.05.15"]
[Round "5.3"]
[White "Navarro, Stefano"]
[Black "Demiraj, Rumi"]
[Result "1-0"]
[WhiteElo "2179"]
[BlackElo "1901"]
[Annotator "Gabriele Ballarin"]
[PlyCount "73"]
[EventDate "2005.05.07"]
[EventType "swiss"]
[EventRounds "6"]
[EventCountry "ITA"]

1. e4 g6 2. d4 Bg7 3. Nc3 d6 4. Nf3 Nf6 5. h3 O-O 6. Be2 c6 7. a4 a5 8. O-O b6 9. Be3 Ba6 10. Bxa6 Nxa6 11. Qe2 Nd7 12. Rfd1 Nc7 13. Qc4 c5 14. e5 d5 15. Nxd5 Nxd5 16. Qxd5 Nxe5 17. dxe5 Qc7 18. e6 Bxb2 19. exf7+ Rxf7 20. Ng5 e6 21. Qxe6 Bxa1 22. Nxf7 Qxf7 23. Qxf7+ Kxf7 24. Rxa1 Ke6 25. Rb1 Ra6 26. Kf1 Kd5 27. Ke2 Kc6 28. f4 Ra8 29. g4 Re8 30. Kf3 Re6 31. f5 gxf5 32. gxf5 Rf6 33. Ke4 Rf8 34. Bf4 Re8+ 35. Be5 Rd8 36. f6 Rd7 37. Kf5 1-0

[Event "65.Camp. Veneto Quarti di Finale"]
[Site "Arquà Petrarca ITA"]
[Date "2005.05.15"]
[Round "5.4"]
[White "Cacco, Cristian"]
[Black "Guclu, Yaman"]
[Result "1-0"]
[WhiteElo "2300"]
[BlackElo "2023"]
[Annotator "Gabriele Ballarin"]
[PlyCount "79"]
[EventDate "2005.05.07"]
[EventType "swiss"]
[EventRounds "6"]
[EventCountry "ITA"]

1. d4 Nf6 2. Nf3 g6 3. g3 Bg7 4. c4 O-O 5. Bg2 d6 6. O-O c6 7. Nc3 Nbd7 8. h3 Rb8 9. a4 a5 10. e4 Ne8 11. Bg5 Nc7 12. Qd2 Re8 13. Rfe1 f6 14. Be3 e5 15. Rad1 Na6 16. Nh2 Qc7 17. f4 Nf8 18. fxe5 fxe5 19. d5 c5 20. Rf1 Nb4 21. Rf2 b6 22. Rdf1 Rb7 23. g4 Re7 24. h4 Qb8 25. h5 gxh5 26. gxh5 Rf7 27. h6 Bh8 28. Rxf7 Rxf7 29. Rxf7 Kxf7 30. Qf2+ Kg8 31. Bf3 Ng6 32. Bh5 Bd7 33. Bxg6 hxg6 34. h7+ Kg7 35. Bg5 Nd3 36. Qf6+ Kxh7 37. Qe7+ Bg7 38. Qxd7 Qf8 39. Qh3+ Bh6 40. Ng4 1-0

[Event "65.Camp. Veneto Quarti di Finale"]
[Site "Arquà Petrarca ITA"]
[Date "2005.05.15"]
[Round "5.5"]
[White "Bonafede, Alessandro"]
[Black "Pechy, Alaster"]
[Result "1-0"]
[WhiteElo "2095"]
[BlackElo "2179"]
[Annotator "Gabriele Ballarin"]
[PlyCount "81"]
[EventDate "2005.05.07"]
[EventType "swiss"]
[EventRounds "6"]
[EventCountry "ITA"]

1. e4 c5 2. Nf3 Nc6 3. d4 cxd4 4. Nxd4 Nf6 5. Nc3 e5 6. Ndb5 d6 7. Bg5 a6 8. Na3 b5 9. Bxf6 gxf6 10. Nd5 Bg7 11. c3 O-O 12. Nc2 f5 13. exf5 Bxf5 14. Nce3 Be6 15. Bd3 f5 16. O-O Ne7 17. Nxe7+ Qxe7 18. Bxf5 Kh8 19. Bxe6 Qxe6 20. Qd5 Qg6 21. Rad1 Rad8 22. f3 Bh6 23. Qd3 Rg8 24. Rf2 Qe6 25. Nd5 Rg7 26. Qe4 Rdg8 27. Kh1 Qf7 28. a4 bxa4 29. Ra1 a5 30. Re2 Rg6 31. c4 Qg7 32. Qc2 Bg5 33. Rxa4 Rh6 34. Rxa5 Bd8 35. Ra1 Qg3 36. h3 Rxh3+ 37. gxh3 Qxh3+ 38. Rh2 Qxf3+ 39. Rg2 Bg5 40. Qe2 Qh3+ 41. Rh2 1-0

[Event "65.Camp. Veneto Quarti di Finale"]
[Site "Arquà Petrarca ITA"]
[Date "2005.05.15"]
[Round "5.6"]
[White "Quaranta, Cristiano"]
[Black "Opacic, Alexandar"]
[Result "1-0"]
[WhiteElo "2072"]
[BlackElo "2118"]
[Annotator "Gabriele Ballarin"]
[PlyCount "112"]
[EventDate "2005.05.07"]
[EventType "swiss"]
[EventRounds "6"]
[EventCountry "ITA"]

1. d4 e6 2. Nf3 b6 3. e4 Bb7 4. Bd3 Nf6 5. Nbd2 d5 6. e5 Nfd7 7. Qe2 c5 8. c3 cxd4 9. cxd4 Nc6 10. O-O Nb4 11. Bb1 Ba6 12. Qe3 Bxf1 13. Nxf1 Rc8 14. Bd2 f6 15. exf6 Qxf6 16. Ng5 Be7 17. Nxe6 Kf7 18. Nf4 Bd6 19. Qh3 Rcd8 20. Nxd5 Nxd5 21. Qh5+ g6 22. Qxd5+ Qe6 23. Qf3+ Nf6 24. Bc2 Kg7 25. Bg5 Rhf8 26. Bb3 Qf5 27. Qxf5 gxf5 28. Ne3 Kg6 29. Bh4 Bf4 30. Nd5 Rxd5 31. Bxf6 Rd7 32. Be5 Bxe5 33. dxe5 Rd2 34. Rc1 Re8 35. Rc6+ Kg5 36. g3 f4 37. Rc4 f3 38. h4+ Kf5 39. g4+ Kxe5 40. Rc3 Rf8 41. Bc2 Rd4 42. Re3+ Kf4 43. g5 Kg4 44. Bxh7 Kh3 45. Kf1 Rxh4 46. g6 Kg4 47. Kg1 Kh5 48. g7 Rg4+ 49. Kf1 Rxg7 50. Be4 Kg4 51. Ke1 Rd7 52. b3 Rd6 53. a4 a5 54. Rc3 Rh6 55. Rd3 Rh1+ 56. Kd2 Rf1 1-0

[Event "65.Camp. Veneto Quarti di Finale"]
[Site "Arquà Petrarca ITA"]
[Date "2005.05.15"]
[Round "5.8"]
[White "Castellano, Alfonso"]
[Black "Quaranta, Gaetano"]
[Result "1-0"]
[WhiteElo "1913"]
[BlackElo "1589"]
[Annotator "Gabriele Ballarin"]
[PlyCount "57"]
[EventDate "2005.05.07"]
[EventType "swiss"]
[EventRounds "6"]
[EventCountry "ITA"]

1. c4 Nf6 2. Nc3 e5 3. g3 c6 4. d4 exd4 5. Qxd4 d5 6. Bg5 c5 7. Qe5+ Be7 8. Bxf6 gxf6 9. Qxd5 Bd7 10. Bh3 Qb6 11. Bxd7+ Nxd7 12. O-O-O O-O-O 13. Nf3 Rhf8 14. Qf5 Qe6 15. Nd5 Qxe2 16. Qf4 Ne5 17. Nxe7+ Kb8 18. Nxe5 fxe5 19. Qh4 Qxf2 20. Rxd8+ Rxd8 21. Nc6+ bxc6 22. Qxd8+ Kb7 23. Qe7+ Kb6 24. Qxe5 f6 25. Qc3 Qg2 26. Re1 Qxh2 27. Qb3+ Ka6 28. Re7 Qg1+ 29. Qd1 1-0

[Event "65.Camp. Veneto Quarti di Finale"]
[Site "Arquà Petrarca ITA"]
[Date "2005.05.15"]
[Round "5.9"]
[White "Alberton, Roberto"]
[Black "Pezzolato, Michele"]
[Result "1-0"]
[WhiteElo "2120"]
[BlackElo "1775"]
[Annotator "Gabriele Ballarin"]
[PlyCount "63"]
[EventDate "2005.05.07"]
[EventType "swiss"]
[EventRounds "6"]
[EventCountry "ITA"]

1. d4 Nf6 2. c4 g6 3. Nc3 Bg7 4. e4 d6 5. Be2 O-O 6. Bg5 Nbd7 7. Nf3 h6 8. Bc1 e5 9. d5 Nc5 10. Qc2 a5 11. O-O Nh7 12. Ne1 f5 13. f3 f4 14. Nd3 Nxd3 15. Bxd3 g5 16. Rb1 Rf6 17. b4 axb4 18. Rxb4 b6 19. Ra4 Rxa4 20. Qxa4 g4 21. Qa8 gxf3 22. Rxf3 Ng5 23. Rf1 Qd7 24. Be2 f3 25. gxf3 Nh3+ 26. Kh1 Rg6 27. c5 Nf4 28. Ba6 Qe7 29. Qxc8+ Kh7 30. Qf5 Kg8 31. Bxf4 exf4 32. Qxg6 1-0

[Event "65.Camp. Veneto Quarti di Finale"]
[Site "Arquà Petrarca ITA"]
[Date "2005.05.15"]
[Round "5.10"]
[White "Rosina, Graziano"]
[Black "Solinas, Carlo"]
[Result "0-1"]
[WhiteElo "1476"]
[BlackElo "2067"]
[Annotator "Gabriele Ballarin"]
[PlyCount "84"]
[EventDate "2005.05.07"]
[EventType "swiss"]
[EventRounds "6"]
[EventCountry "ITA"]

1. e4 e5 2. Nc3 Nf6 3. Bc4 Nxe4 4. Qh5 Nd6 5. Bb3 Nc6 6. Nb5 g6 7. Qf3 f5 8. Qd5 Qe7 9. Nxc7+ Kd8 10. Nxa8 b6 11. Qf3 Bb7 12. Ne2 Nd4 13. Qh3 h5 14. Nxb6 axb6 15. c3 Nxe2 16. Kxe2 e4 17. Qe3 Kc7 18. f4 Bg7 19. h4 Ba6+ 20. Kf2 Bc4 21. Bxc4 Nxc4 22. Qe2 Qc5+ 23. Kg3 d5 24. b3 Nd6 25. Bb2 Re8 26. Rhe1 Kb7 27. Qe3 Qc7 28. a4 Ra8 29. Ba3 Ne8 30. d4 Nf6 31. Rec1 Ng4 32. Qe2 Bh6 33. Qf1 g5 34. hxg5 Bxg5 35. Rc2 Ne3 36. Qf2 Nxc2 37. Ra2 Bxf4+ 38. Kh3 Nxa3 39. Rxa3 Qxc3+ 40. Kh4 Bd6 41. Ra2 Rg8 42. Qxf5 Qg3+ 0-1

[Event "65.Camp. Veneto Quarti di Finale"]
[Site "Arquà Petrarca ITA"]
[Date "2005.05.15"]
[Round "5.11"]
[White "Pomaro, Alberto"]
[Black "Lavric, Mihail"]
[Result "1-0"]
[WhiteElo "1880"]
[BlackElo "2046"]
[Annotator "Gabriele Ballarin"]
[PlyCount "129"]
[EventDate "2005.05.07"]
[EventType "swiss"]
[EventRounds "6"]
[EventCountry "ITA"]

1. d4 Nf6 2. c4 g6 3. Nc3 Bg7 4. e4 d6 5. f3 O-O 6. Be3 Nbd7 7. Bd3 c5 8. Nge2 b6 9. Qd2 Bb7 10. Bc2 Rc8 11. d5 Ne5 12. b3 a6 13. Rc1 Rb8 14. a4 Bc8 15. O-O Nh5 16. h3 Nd7 17. Bh6 Ndf6 18. Bxg7 Nxg7 19. Rce1 Bd7 20. Bd3 Qc8 21. f4 Nfh5 22. Rf3 e6 23. Ng3 Nxg3 24. Rxg3 Qd8 25. Kh2 Qh4 26. Qf2 Qd8 27. Rge3 exd5 28. Nxd5 Bc6 29. f5 Bxd5 30. cxd5 b5 31. axb5 axb5 32. f6 Ne8 33. Rf1 Qc7 34. h4 c4 35. bxc4 bxc4 36. Bc2 c3 37. Rf3 Rb2 38. h5 Qc4 39. hxg6 hxg6 40. Rh3 Rxc2 41. Qh4 Rxg2+ 42. Kxg2 Qe2+ 43. Rf2 Qh5 44. Qxh5 gxh5 45. Kf1 Kh7 46. Rxc3 Kg6 47. Rcf3 Rh8 48. Rg2+ Kh6 49. Rf5 Rh7 50. Rg8 Nc7 51. Rg7 Rxg7 52. Rxh5+ Kg6 53. fxg7 Kxg7 54. Ke2 f6 55. Kd3 Nb5 56. Rh2 Nc7 57. Rc2 Ne8 58. Kc4 Kg6 59. Kb5 Kg5 60. Rf2 Kg6 61. Kc6 Kf7 62. Kd7 Kf8 63. Ra2 Kf7 64. Ra8 Ng7 65. Kxd6 1-0

[Event "65.Camp. Veneto Quarti di Finale"]
[Site "Arquà Petrarca ITA"]
[Date "2005.05.15"]
[Round "5.12"]
[White "Danieli, Enrico"]
[Black "Mocellin, Gianfranco"]
[Result "1/2-1/2"]
[WhiteElo "2163"]
[BlackElo "1793"]
[Annotator "Gabriele Ballarin"]
[PlyCount "107"]
[EventDate "2005.05.07"]
[EventType "swiss"]
[EventRounds "6"]
[EventCountry "ITA"]

1. d4 d5 2. Nf3 Bf5 3. e3 e6 4. Bd3 Bg6 5. O-O Bd6 6. c4 Bxd3 7. Qxd3 dxc4 8. Qxc4 Nd7 9. Nc3 Nb6 10. Qd3 c6 11. e4 Ne7 12. Bg5 f6 13. Bh4 Ng6 14. Bg3 O-O 15. Rad1 Bc7 16. Rfe1 Bxg3 17. hxg3 Rf7 18. a4 Rd7 19. a5 Nc8 20. Qc4 Nf8 21. b4 Nd6 22. Qb3 Nb5 23. Nxb5 cxb5 24. Rc1 Rc8 25. d5 e5 26. Nh4 g6 27. Qe3 a6 28. Rxc8 Qxc8 29. Rc1 Rc7 30. Rxc7 Qxc7 31. Nf3 Nd7 32. Nd2 Kf7 33. g4 b6 34. axb6 Nxb6 35. Nb3 Nd7 36. Na5 Nb8 37. g5 f5 38. Kh2 Ke7 39. exf5 gxf5 40. g3 Qd6 41. g6 hxg6 42. Qh6 Qxd5 43. Qg7+ Kd8 44. Qxg6 Qd7 45. Qf6+ Kc8 46. Qxe5 Qh7+ 47. Kg2 Qd7 48. Qc5+ Kd8 49. Qb6+ Kc8 50. Qc5+ Kd8 51. Qf8+ Kc7 52. Qc5+ Kd8 53. Qe5 Kc8 54. Qc5+ 1/2-1/2

[Event "65.Camp. Veneto Quarti di Finale"]
[Site "Arquà Petrarca ITA"]
[Date "2005.05.15"]
[Round "5.13"]
[White "De Napoli, Giuseppe"]
[Black "Carlassara, Renato"]
[Result "1-0"]
[WhiteElo "2062"]
[BlackElo "1748"]
[Annotator "Gabriele Ballarin"]
[PlyCount "91"]
[EventDate "2005.05.07"]
[EventType "swiss"]
[EventRounds "6"]
[EventCountry "ITA"]

1. d4 d5 2. Nf3 Nf6 3. e3 e6 4. Bd3 c5 5. c3 Nc6 6. Nbd2 Bd6 7. O-O O-O 8. Qe2 Re8 9. e4 e5 10. dxe5 Bxe5 11. Nxe5 Nxe5 12. Bc2 Ng6 13. Qb5 b6 14. exd5 Nxd5 15. Ne4 Nc7 16. Qc6 Re6 17. Bg5 Rxc6 18. Bxd8 Ne6 19. Bg5 f5 20. Be3 fxe4 21. Bxe4 Bb7 22. Bxc6 Bxc6 23. Rad1 Nef4 24. f3 Bb5 25. Rf2 Nd3 26. Rfd2 c4 27. b3 Rd8 28. Bd4 Ndf4 29. a4 Ba6 30. bxc4 Bxc4 31. a5 Ne2+ 32. Kf2 Nxd4 33. Rxd4 Rxd4 34. Rxd4 Ne5 35. axb6 axb6 36. f4 Nd3+ 37. Ke3 Nb2 38. Rd7 b5 39. g3 Na4 40. Kd4 Nb6 41. Rd6 Na4 42. Ra6 Nb2 43. Ra7 Nd3 44. Ke3 Nc5 45. Kd4 Kf8 46. Kxc5 1-0

[Event "65.Camp. Veneto Quarti di Finale"]
[Site "Arquà Petrarca ITA"]
[Date "2005.05.15"]
[Round "5.14"]
[White "Mileto, Gabriele"]
[Black "Lorenzini, Adriano"]
[Result "1-0"]
[WhiteElo "2198"]
[BlackElo "1883"]
[Annotator "Gabriele Ballarin"]
[PlyCount "117"]
[EventDate "2005.05.07"]
[EventType "swiss"]
[EventRounds "6"]
[EventCountry "ITA"]

1. Nf3 Nf6 2. c4 c5 3. g3 Nc6 4. Nc3 e6 5. Bg2 Be7 6. O-O O-O 7. d4 cxd4 8. Nxd4 Qb6 9. Ndb5 a6 10. Be3 Qa5 11. Nd6 Ne5 12. c5 Neg4 13. Bf4 e5 14. Bg5 Qxc5 15. Nce4 Qb6 16. e3 h6 17. Bxf6 Nxf6 18. Nxf6+ Bxf6 19. Qd2 Be7 20. Rfd1 Bxd6 21. Qxd6 Qxd6 22. Rxd6 Re8 23. Rc1 Re6 24. Rd2 Kf8 25. Rdc2 Re8 26. Rc7 Rb8 27. Rd1 b6 28. Bd5 Ke7 29. e4 f6 30. f3 Kd8 31. Ra7 Re7 32. Rc1 d6 33. Rxe7 Kxe7 34. Rc7+ Bd7 35. Bc6 Rd8 36. Ra7 Ke8 37. Bxd7+ Rxd7 38. Rxa6 Rb7 39. Kf2 Kd7 40. Ke2 d5 41. exd5 Kd6 42. Kd3 Kxd5 43. a4 f5 44. Ra8 e4+ 45. fxe4+ fxe4+ 46. Ke3 Re7 47. a5 bxa5 48. Rxa5+ Kc4 49. Ra4+ Kd5 50. Rd4+ Kc5 51. b4+ Kb5 52. Rxe4 Rf7 53. h4 h5 54. Re5+ Kxb4 55. Rxh5 Kc4 56. Ke4 Re7+ 57. Kf4 Kd4 58. Rf5 g6 59. Rf6 1-0

[Event "65.Camp. Veneto Quarti di Finale"]
[Site "Arquà Petrarca ITA"]
[Date "2005.05.15"]
[Round "5.15"]
[White "Battiston, Gianfranco"]
[Black "Belloni, Umberto"]
[Result "0-1"]
[WhiteElo "1664"]
[BlackElo "1950"]
[Annotator "Gabriele Ballarin"]
[PlyCount "85"]
[EventDate "2005.05.07"]
[EventType "swiss"]
[EventRounds "6"]
[EventCountry "ITA"]

1. e4 e6 2. Nf3 d5 3. exd5 exd5 4. d4 Bd6 5. Nc3 c6 6. Bg5 f6 7. Bh4 Nh6 8. Bd3 Qe7+ 9. Be2 Bf5 10. O-O Nd7 11. Re1 O-O-O 12. Bd3 Qf7 13. Na4 Bg4 14. h3 Bh5 15. Be2 Bxf3 16. Bxf3 Nf5 17. Bg3 Nxg3 18. fxg3 Bxg3 19. Rf1 h5 20. b4 g5 21. Qd3 b5 22. Nc5 Nxc5 23. bxc5 Qh7 24. Qa3 Qc7 25. Qd3 Bh2+ 26. Kh1 Kb8 27. a4 b4 28. c4 g4 29. Be2 Bf4 30. cxd5 Rxd5 31. Qe4 Bg5 32. a5 Rhd8 33. Rfd1 f5 34. Qb1 Rxd4 35. Rxd4 Rxd4 36. Qxf5 Qf4 37. Qh7 gxh3 38. Qh8+ Rd8 39. Qxh5 hxg2+ 40. Kxg2 Bf6 41. Qf3 Rg8+ 42. Kf1 Qxf3+ 43. Bxf3 0-1

[Event "65.Camp. Veneto Quarti di Finale"]
[Site "Arquà Petrarca ITA"]
[Date "2005.05.15"]
[Round "5.16"]
[White "Cedriano, Filippo"]
[Black "Zannol, Roberto"]
[Result "1-0"]
[WhiteElo "2043"]
[BlackElo "1745"]
[Annotator "Gabriele Ballarin"]
[PlyCount "129"]
[EventDate "2005.05.07"]
[EventType "swiss"]
[EventRounds "6"]
[EventCountry "ITA"]

1. e4 d6 2. d4 Nf6 3. Nc3 g6 4. Nf3 Bg7 5. Be2 O-O 6. O-O c6 7. a4 Nbd7 8. Be3 e5 9. dxe5 dxe5 10. h3 Qc7 11. Bc4 h6 12. Qd2 Nb6 13. Bb3 Rd8 14. Qc1 Kh7 15. a5 Nbd7 16. Bxf7 Nf8 17. Bb3 Be6 18. Rd1 Bxb3 19. cxb3 Rxd1+ 20. Qxd1 Rd8 21. Qe2 Ne6 22. Qc4 Nd4 23. Nxd4 exd4 24. Bxd4 Nxe4 25. Bxg7 Nd2 26. Qh4 Kxg7 27. Re1 Rd7 28. Ne4 Nxe4 29. Qxe4 Qxa5 {=} 30. Qe8 Qc7 31. g3 Rf7 32. Qe3 a6 33. Qd4+ Kh7 34. Re8 Rg7 35. Qf6 Qf7 36. Qd8 Rg8 37. Re7 Rxd8 38. Rxf7+ Kg8 39. Rxb7 Rd2 40. Rb6 Rxb2 41. Rxc6 Kg7 42. Rxa6 Rxb3 43. Kg2 h5 44. Re6 Kf7 45. Re2 Kf6 46. f4 g5 47. fxg5+ Kxg5 48. Re5+ Kg6 49. Re4 Ra3 {=} 50. Kf2 Kf5 51. Rf4+ Kg5 52. Re4 Kf5 53. Re3 Ra4 54. Kf3 Rb4 55. Rd3 Kg6 56. Rd6+ Kf5 57. Rd5+ Kg6 58. Re5 Rb3+ 59. Re3 Rxe3+ 60. Kxe3 Kf7 61. Ke4 Ke6 62. Kf4 Kf6 63. h4 Kg6 64. Ke5 Kg7 65. Kf5 1-0

[Event "65.Camp. Veneto Quarti di Finale"]
[Site "Arquà Petrarca ITA"]
[Date "2005.05.15"]
[Round "5.17"]
[White "Marson, Luca"]
[Black "Zanirato, Stefano"]
[Result "0-1"]
[WhiteElo "1987"]
[BlackElo "1738"]
[Annotator "Gabriele Ballarin"]
[PlyCount "72"]
[EventDate "2005.05.07"]
[EventType "swiss"]
[EventRounds "6"]
[EventCountry "ITA"]

1. e4 Nc6 2. Nf3 a6 3. d4 d5 4. e5 (4. exd5 Qxd5 5. Nc3 Qa5 6. Bc4 Nf6 7. d5 Nb4 8. a3 c6 9. dxc6 Nxc6 10. Bd2) 4... Bf5 5. Bd3 Bxd3 6. Qxd3 e6 7. O-O Be7 8. Re1 g5 9. Be3 g4 10. Nfd2 h5 11. Qb3 Rb8 12. c4 dxc4 13. Qxc4 Bg5 14. Bxg5 Qxg5 15. Ne4 Qg6 16. Nbc3 Rd8 17. Rad1 (17. d5 exd5 18. Nxd5 Kd7 19. Nf4 Qf5 20. Ng3 Qh7 21. e6+ Kc8 22. exf7 Nh6 23. Qe6+ Kb8 24. Ng6 h4 25. Ne4 Nd4 26. Qf6) 17... h4 18. b4 (18. Nc5 b5 19. Nxb5 axb5 20. Qxb5 Nge7) 18... Nge7 19. Nf6+ (19. a4 g3 20. b5 axb5 21. axb5 gxh2+ 22. Kxh2 h3) 19... Kf8 20. b5 axb5 21. Nxb5 h3 22. g3 Qf5 23. Qf1 (23. Qe2) 23... Nd5 24. Nxd5 Rxd5 25. a4 (25. Re3 Kg7 26. f3 Rhd8 27. Nxc7 R5d7 28. Nb5 Nxd4 29. Nxd4 Rxd4 30. Rxd4 Rxd4) 25... Kg7 26. Qe2 Rhd8 27. Qe4 Rxe5 28. Qxf5 Rxf5 29. Rc1 (29. Re4 Kf8) 29... Nxd4 30. Nxd4 Rxd4 31. Rxc7 Rb4 32. Kf1 Kf6 33. Re2 Ra5 34. Ra2 b5 35. Rb7 Rbxa4 36. Rxa4 bxa4 0-1

[Event "65.Camp. Veneto Quarti di Finale"]
[Site "Arquà Petrarca ITA"]
[Date "2005.05.15"]
[Round "5.18"]
[White "Giuriato, Sergio"]
[Black "Nagliati, Paolo"]
[Result "1-0"]
[WhiteElo "2002"]
[BlackElo "1727"]
[Annotator "Gabriele Ballarin"]
[PlyCount "49"]
[EventDate "2005.05.07"]
[EventType "swiss"]
[EventRounds "6"]
[EventCountry "ITA"]

1. d4 d6 2. g3 Nf6 3. Nf3 Nbd7 4. Bg2 e5 5. c4 c6 6. Nc3 g6 7. e4 Qc7 8. O-O Bg7 9. h3 O-O 10. Be3 a6 11. Rc1 Re8 12. b3 exd4 13. Nxd4 Nc5 14. Qc2 Qe7 15. f3 Nh5 16. Nde2 f5 17. g4 Nf6 18. b4 Ncd7 19. Ng3 fxe4 20. Ncxe4 d5 21. Nxf6+ Bxf6 22. Bd2 Qd6 23. f4 dxc4 24. Qxc4+ Qe6 25. Rfe1 1-0

[Event "65.Camp. Veneto Quarti di Finale"]
[Site "Arquà Petrarca ITA"]
[Date "2005.05.15"]
[Round "5.19"]
[White "Zangrando, Gianpietro"]
[Black "Colusso, Enrico"]
[Result "1/2-1/2"]
[WhiteElo "1897"]
[BlackElo "1727"]
[Annotator "Gabriele Ballarin"]
[PlyCount "126"]
[EventDate "2005.05.07"]
[EventType "swiss"]
[EventRounds "6"]
[EventCountry "ITA"]

1. Nf3 Nf6 2. d4 d5 3. c3 e6 4. Bg5 Be7 5. e3 Ne4 6. Bxe7 Qxe7 7. Bd3 Nf6 8. Nbd2 b6 9. Ne5 O-O 10. Qe2 a5 11. O-O Ba6 12. c4 c5 13. Ndf3 Nbd7 14. Rac1 cxd4 15. Nc6 Qd6 16. Ncxd4 Nc5 17. Nb5 Qe7 18. cxd5 Nxd5 19. Bc4 Nf6 20. Rfd1 Rfd8 21. Nfd4 Rac8 22. b3 Bb7 23. Na7 Rc7 24. Ndb5 Rxd1+ 25. Rxd1 Rd7 26. f3 Rxd1+ 27. Qxd1 Qd7 28. Qd6 Qxd6 29. Nxd6 Ba6 30. Kf1 Kf8 31. Ke2 Nd5 32. Kd2 Nc7 33. Kc3 Ne8 34. Bxa6 Nxd6 35. Be2 Ke8 36. e4 e5 37. Nb5 Kd7 38. Nxd6 Kxd6 39. Bc4 f6 40. Bg8 h6 41. Kc4 Kc6 42. Bd5+ Kc7 43. a3 Kd6 44. b4 axb4 45. axb4 Nd7 46. Kb5 Kc7 47. Be6 Nf8 48. Bh3 Nh7 49. Bg4 Ng5 50. h4 Nf7 51. Kc4 Kd6 52. Bh5 Nd8 53. Bg4 Nc6 54. Bh5 Nd4 55. Kd3 Ne6 56. g3 Nc7 57. Kc4 Kc6 58. b5+ Kd6 59. Bf7 Ke7 60. Bd5 g5 61. h5 Kd6 62. Bc6 Ke7 63. Kd3 Kd6 1/2-1/2

[Event "65.Camp. Veneto Quarti di Finale"]
[Site "Arquà Petrarca ITA"]
[Date "2005.05.15"]
[Round "5.20"]
[White "Ferrari, Mario"]
[Black "De Vries, Bernhard"]
[Result "1-0"]
[WhiteElo "1735"]
[BlackElo "1592"]
[Annotator "Gabriele Ballarin"]
[PlyCount "84"]
[EventDate "2005.05.07"]
[EventType "swiss"]
[EventRounds "6"]
[EventCountry "ITA"]

1. e4 c5 2. Nf3 d6 3. d4 cxd4 4. Nxd4 Nc6 5. Nc3 Nf6 6. Bg5 e6 7. Bc4 Nxd4 8. Qxd4 Be7 9. O-O-O a6 10. f4 h6 11. Bxf6 gxf6 12. Rhf1 b5 13. Bb3 Bb7 14. f5 Qd7 15. Qb6 O-O 16. fxe6 fxe6 17. Bxe6+ Qxe6 18. Qxb7 Rfc8 19. Rd3 Rcb8 20. Qc6 Kf7 21. Nd5 Rc8 22. Qb7 Rcb8 23. Qc7 Rc8 24. Qb6 Qxe4 25. Nxe7 Qxd3 26. Rf2 Rc5 27. Qxc5 dxc5 28. cxd3 Kxe7 29. Rf5 Rc8 30. Kd2 Ke6 31. Rh5 c4 32. d4 b4 33. Rxh6 c3+ 34. bxc3 bxc3+ 35. Kc2 Rc6 36. Rh5 Kd6 37. h4 Ke7 38. Rc5 Rxc5 39. dxc5 Ke6 40. Kxc3 f5 41. h5 f4 42. h6 Kf6 1-0

[Event "65.Camp. Veneto Quarti di Finale"]
[Site "Arquà Petrarca ITA"]
[Date "2005.05.15"]
[Round "5.21"]
[White "Roberti, Ignazio"]
[Black "De Zordi, Fabio"]
[Result "1/2-1/2"]
[WhiteElo "1954"]
[BlackElo "1733"]
[Annotator "Gabriele Ballarin"]
[PlyCount "82"]
[EventDate "2005.05.07"]
[EventType "swiss"]
[EventRounds "6"]
[EventCountry "ITA"]

1. e4 e6 2. d4 d5 3. e5 c5 4. Nf3 Qb6 5. Bd3 Bd7 6. O-O cxd4 7. Nbd2 Ne7 8. Nb3 Nbc6 9. Bf4 Rc8 10. a4 a5 11. Kh1 g6 12. Nbxd4 Nxd4 13. Be3 Nec6 14. c3 Bg7 15. Nxd4 Nxd4 16. Bxd4 Qc7 17. f4 O-O 18. g4 f6 19. Qe1 fxe5 20. Bxe5 Bxe5 21. Qxe5 Qxe5 22. fxe5 Rxf1+ 23. Bxf1 Rf8 24. Kg2 Rf4 25. Bb5 Bc6 26. Kg3 Re4 27. Rf1 Rxe5 28. Rf4 g5 29. Rd4 Kg7 30. Kf2 Kf6 31. Bxc6 bxc6 32. b4 c5 33. bxc5 Ke7 34. c4 Kd7 35. cxd5 Rxd5 36. Rxd5+ exd5 37. Ke3 Kc7 38. Kd3 Kd7 39. Kc3 Kc7 40. Kd3 Kd7 41. Kc3 Kc7 1/2-1/2